Most Popular Linkin Park Songs - Statistics

General Stats
  • This quiz has been taken 75 times
  • The average score is 7 of 10
Answer Stats
Song % Correct
In The End
100%
Numb
100%
What I've Done
85%
Crawling
82%
Breaking the Habit
69%
Faint
68%
Burn It Down
61%
Castle of Glass
55%
New Divide
55%
Somewhere I Belong
50%
No matching quizzes found
Score Distribution
Percent of People with Each Score
Percentile by Number Answered
Your Score History
You have not taken this quiz